=LDR 00000nam 2200000 4500 =001 000869 =005 20250712110448 =035 ##$$a 0010-0725000747 =007 ta =008 250712################a##########0#ind## =020 ##$$a 978-623-307-499-5 =082 ##$$a 398.209 598 =084 ##$$a 398.209 598 CHE a =100 #$$a Cheh, Komar Rien Komar =245 1#$$a Apa yang Kamu Butuhkan? /$c Komar Rien Komar Cheh =250 ##$$a Cetakan Pertama =260 ##$$a Jakarta Timur :$b Badan Pengembangan dan Pembinaan Bahasa,$c 2022 =300 ##$$a 24 hlm : $b ilus. ; $c 21,5 cm =856 ##$$a TBM AS SUHADA =990 ##$$a TBM202400974